000 00679cab a22002055a 4500
001 L155056
008 120223e20120218xxk 000 0 eng d
035 _a(Sirsi) u155056
041 0 _aeng
100 1 _aWhitten, Nick
245 0 0 _aFocus
_bindustrial
260 _c2012
490 _aEstates Gazette
_v(1207) 18 February 2012, 65-78(10)
520 _aIncludes industry predictions for the sector, job prospects for industrial agents and why the shed market is bucking the trend of the economic downturn due to interest in online shopping.
590 _aKA
651 4 _aUnited Kingdom
_y
690 _aCommercial property
_96227
700 1 _aHarris, David
942 _n0
999 _c83797
_d83797